• 首页
  • 本馆介绍
  • 公告通知
  • 最新文献
  • 馆藏检索
  • 电子资源
  • 读者导购
  • 参考咨询
  • 我的图书馆
  • 登录
  • 详细信息显示
  • 放入我的书架
  • 预约/预借图书
  • 作者相关作品
  • 分类相关作品
  • 丛书相关作品
  • 出版社相关作品

书目信息

  • 表格格式
  • 工作单格式
  • 卡片格式
题名:
化学教学与学业评价
    
 
作者: 李佳 主编
分册:  
出版信息: 广州   广东教育出版社  2005
页数: 256页
开本: 23cm
丛书名: 高中新课程教师丛书
单 册:
中图分类: G633.82
科图分类:
主题词: 化学 , 教学研究 , 化学--教学研究--高中
电子资源:
ISBN: 7-5406-6146-1
000 00937oam2 2200277 450
001 003035269
005 20061028085549.95
010    @a7-5406-6146-1@dCNY28.00
100    @a20050416d2005 em y0chiy0110 ea
101 0  @achi
102    @aCN@b440000
105    @aa z 000yy
200 1  @a化学教学与学业评价@9hua xue jiao xue yu xue ye ping jia@f李佳主编
210    @a广州@c广东教育出版社@d2005
215    @a256页@c图@d23cm
225 2  @a高中新课程教师丛书@f高凌飚,陈冀平主编@h第2辑
330    @a本书由新课程背景下的高中化学教学和新课程背景下的高中化学教学评价两部分组成。
410  0 @12001 @a高中新课程教师丛书@1701 0@a高凌飚@Agao ling biao@4主编@1701 0@a陈冀平@Achen ji ping@4主编
461  0 @12001 @a高中新课程教师丛书
606 0  @a化学
606 0  @a教学研究
606 0  @a化学@x教学研究@x高中
690    @aG633.82@v4
701  0 @a李佳@9li jia@c(教育)@4主编
801  0 @aCN@bNLC@c20061028
905    @a10447@dG633.82@e251
    
    化学教学与学业评价/李佳主编.-广州:广东教育出版社,2005
    256页:图;23cm.-(高中新课程教师丛书/高凌飚,陈冀平主编.第2辑)
    
    
    ISBN 7-5406-6146-1:CNY28.00
    本书由新课程背景下的高中化学教学和新课程背景下的高中化学教学评价两部分组成。
●
相关链接 在E读中查询图书 在五车中查询图书 在当当中查询图书 在豆瓣中查询图书


正题名:化学教学与学业评价     索取号:G633.82/251         预约/预借

序号 登录号 条形码 馆藏地/架位号 状态 备注
1 0388636   203886367   第一样本阅览室/ [索取号:G633.82/251] 在馆    
2 0388637   203886376   第四借阅区/ [索取号:G633.82/251] 在馆    
3 0388638   203886385   第四借阅区/ [索取号:G633.82/251] 在馆    
4 0388639   203886394   第四借阅区/ [索取号:G633.82/251] 在馆    
5 0388640   203886401   第四借阅区/ [索取号:G633.82/251] 在馆    
唐山师范学院图书馆 欢迎您!
大连网信软件有限公司© 版权所有